000 00503 a2200205 4500
003 OSt
005 20241122113326.0
008 241122b |||||||| |||| 00| 0 eng d
010 _aE
020 _a9789381579473
041 _dEng
082 _a610.73/RAJ
100 _aRaj, Elakkuvana Bhaskara
_9209086
245 _aDebr's Mental Health (Psychiatric Nursing)
250 _a1
260 _bEMMESS
_c2017
_aBangalore
300 _a770 Pg.
650 _aMental Health Nursing
942 _2ddc
_cBK
999 _c362186
_d362186